[Event "Dublin Easter op"]
[Site "Dublin"]
[Date "2025.04.21"]
[Round "6"]
[White "O`Reilly, Conor"]
[Black "Rakhmangulov, Andrei"]
[Result "0-1"]
[WhiteElo "1878"]
[BlackElo "2271"]
[PlyCount "50"]
[EventDate "2025.04.18"]
[EventType "swiss"]
[EventRounds "7"]
[EventCountry "IRL"]
[SourceTitle "CB17_2025"]
[SourceDate "2025.04.23"]
[SourceVersion "1"]
[SourceVersionDate "2025.04.23"]
[SourceQuality "1"]

1. e4 d6 2. d4 Nf6 3. Nc3 g6 4. f4 Bg7 5. a3 0-0 6. Nf3 Nc6 7. Be2 e5 8. d5 Nd4 9. Nxd4 exd4 10. Qxd4 Re8 11. Qc4 Nxe4 12. Nxe4 b5 13. Qxb5 Rxe4 14. 0-0 a5 15. Bf3 Ba6 16. Qb3 Rb8 17. Qa2 Bd4+ 18. Kh1 Bxf1 19. Bxe4 Qe7 20. Bf3 Bc4 21. Be3 Bxa2 22. Bxd4 Bc4 23. Bc3 a4 24. Re1 Qd7 25. h3 Re8 0-1

[Event "Dublin Easter op"]
[Site "Dublin"]
[Date "2025.04.20"]
[Round "4"]
[White "Rakhmangulov, Andrei"]
[Black "Holm, Kristian Stuvik"]
[Result "0-1"]
[WhiteElo "2271"]
[BlackElo "2500"]
[PlyCount "88"]
[EventDate "2025.04.18"]
[EventType "swiss"]
[EventRounds "7"]
[EventCountry "IRL"]
[SourceTitle "CB17_2025"]
[SourceDate "2025.04.23"]
[SourceVersion "1"]
[SourceVersionDate "2025.04.23"]
[SourceQuality "1"]

1. d4 Nf6 2. Nf3 g6 3. c4 Bg7 4. b4 0-0 5. e3 d6 6. Bb2 c5 7. a3 cxd4 8. exd4 e5 9. Be2 e4 10. Nfd2 d5 11. 0-0 Nc6 12. b5 Ne7 13. Nc3 Re8 14. cxd5 Nexd5 15. Nxd5 Nxd5 16. Nc4 Nf4 17. Ne3 Be6 18. g3 Bxd4 19. Bxd4 Nxe2+ 20. Qxe2 Qxd4 21. Rfd1 Qe5 22. a4 h5 23. h4 Rad8 24. Rab1 Rd4 25. Rxd4 Qxd4 26. Qb2 Rd8 27. Qa3 Qf6 28. Rd1 Rxd1+ 29. Nxd1 g5 30. hxg5 Qxg5 31. Ne3 h4 32. Ng2 hxg3 33. fxg3 Bg4 34. Qe3 Qxe3+ 35. Nxe3 Be6 36. Nd1 Bb3 37. Nc3 b6 38. Kf2 f5 39. Ke3 Kf7 40. a5 bxa5 41. Nxe4 fxe4 42. Kxe4 a4 43. Kd3 a3 44. Kc3 Bd1 0-1

[Event "Dublin Easter op"]
[Site "Dublin"]
[Date "2025.04.19"]
[Round "3"]
[White "Kholyavko, Kirill"]
[Black "Rakhmangulov, Andrei"]
[Result "0-1"]
[WhiteElo "1937"]
[BlackElo "2271"]
[PlyCount "54"]
[EventDate "2025.04.18"]
[EventType "swiss"]
[EventRounds "7"]
[EventCountry "IRL"]
[SourceTitle "CB17_2025"]
[SourceDate "2025.04.23"]
[SourceVersion "1"]
[SourceVersionDate "2025.04.23"]
[SourceQuality "1"]

1. e4 d6 2. d4 Nf6 3. Nc3 e5 4. dxe5 dxe5 5. Qxd8+ Kxd8 6. Bc4 Be6 7. Bxe6 fxe6 8. Be3 Bd6 9. 0-0-0 Ke7 10. a3 a6 11. Nf3 Nc6 12. Nd2 b5 13. Nb3 Nd7 14. g3 Rhb8 15. f4 a5 16. a4 bxa4 17. Nxa4 Rb4 18. Nbc5 Nxc5 19. Nxc5 Rc4 20. Nb7 exf4 21. Nxd6 cxd6 22. Bxf4 e5 23. Bg5+ Ke6 24. Rhe1 Nd4 25. Re3 h6 26. b3 Rxc2+ 27. Kb1 hxg5 0-1

[Event "Dublin Easter op"]
[Site "Dublin"]
[Date "2025.04.19"]
[Round "2"]
[White "Rakhmangulov, Andrei"]
[Black "Hennessy, Jack"]
[Result "1-0"]
[WhiteElo "2271"]
[BlackElo "1856"]
[PlyCount "87"]
[EventDate "2025.04.18"]
[EventType "swiss"]
[EventRounds "7"]
[EventCountry "IRL"]
[SourceTitle "CB17_2025"]
[SourceDate "2025.04.23"]
[SourceVersion "1"]
[SourceVersionDate "2025.04.23"]
[SourceQuality "1"]

1. d4 Nf6 2. Nf3 e6 3. Bg5 c5 4. e3 Nc6 5. Nbd2 d5 6. c3 c4 7. Ne5 Be7 8. f4 h6 9. Bh4 Nd7 10. Bxe7 Qxe7 11. Nxc6 bxc6 12. b3 cxb3 13. axb3 c5 14. Bd3 cxd4 15. cxd4 0-0 16. 0-0 a5 17. Qe2 Nb6 18. Rfc1 Bb7 19. Rc5 Rfc8 20. Rcxa5 Rxa5 21. Rxa5 Rc1+ 22. Nf1 Qc7 23. Ra2 Qc3 24. Rc2 Qa1 25. Rxc1 Qxc1 26. Qc2 Qxc2 27. Bxc2 Ba6 28. Nd2 Nc8 29. Kf2 Nd6 30. Bd1 g5 31. fxg5 hxg5 32. Be2 Bb5 33. Bxb5 Nxb5 34. Ke2 f5 35. Kd3 Kf7 36. Nb1 f4 37. exf4 gxf4 38. Nc3 Nd6 39. Ne2 Kf6 40. Nxf4 Kf5 41. Ne2 Kg4 42. b4 Ne4 43. b5 Nf2+ 44. Kc3 1-0

[Event "Dublin Easter op"]
[Site "Dublin"]
[Date "2025.04.18"]
[Round "1"]
[White "Perkin, Kenny"]
[Black "Rakhmangulov, Andrei"]
[Result "0-1"]
[WhiteElo "1741"]
[BlackElo "2271"]
[PlyCount "71"]
[EventDate "2025.04.18"]
[EventType "swiss"]
[EventRounds "7"]
[EventCountry "IRL"]
[SourceTitle "CB17_2025"]
[SourceDate "2025.04.23"]
[SourceVersion "1"]
[SourceVersionDate "2025.04.23"]
[SourceQuality "1"]

1. e4 d6 2. d4 Nf6 3. Nc3 c6 4. Nf3 Qa5 5. Bd2 e5 6. dxe5 dxe5 7. Nd5 Qd8 8. Nxf6+ Qxf6 9. Bc4 h6 10. Bc3 Bd6 11. h3 b5 12. Be2 Nd7 13. b4 Qe7 14. Qd2 a5 15. bxa5 Nc5 16. Qe3 Na4 17. Bd2 Be6 18. Bd3 0-0 19. 0-0 b4 20. a6 Rfd8 21. Qe2 Nb2 22. Rfb1 Nxd3 23. cxd3 Bc8 24. Ne1 Bxa6 25. Rb2 Bb5 26. Rab1 Ra4 27. Be3 Rda8 28. Qd2 Qe6 29. d4 exd4 30. Qxd4 b3 31. Qd1 bxa2 32. Ra1 Be5 33. Rd2 Bxa1 34. Qxa1 Rb4 35. Rd1 Qxe4 36. Bxh6 0-1

[Event "Enniscrone Sligo Spring op"]
[Site "Enniscrone"]
[Date "2023.02.04"]
[Round "3"]
[White "Rakhmangulov, Andrei"]
[Black "Naughton, James"]
[Result "0-1"]
[WhiteElo "2293"]
[BlackElo "2035"]
[PlyCount "56"]
[EventDate "2023.02.03"]
[EventType "swiss"]
[EventRounds "5"]
[EventCountry "IRL"]
[SourceTitle "CBM 212 Extra"]
[Source "ChessBase"]
[SourceDate "2023.03.31"]
[SourceVersion "1"]
[SourceVersionDate "2023.03.31"]
[SourceQuality "1"]

1. d4 Nf6 2. Bg5 d5 3. Bxf6 gxf6 4. e3 c5 5. a3 cxd4 6. exd4 Nc6 7. Nc3 e6 8. Nf3 Bd7 9. Rb1 Rg8 10. g3 Rc8 11. Bd3 f5 12. 0-0 Bd6 13. Qd2 Qf6 14. Ne2 h5 15. Kh1 Ke7 16. Rbe1 Rg7 17. c3 Rh8 18. Nf4 Kf8 19. Qe3 h4 20. Ne5 Be8 21. Re2 Qh6 22. b4 Bc7 23. b5 Nxe5 24. dxe5 Bb6 25. Qf3 Rg4 26. c4 dxc4 27. Bxc4 Rhg8 28. a4 Bc5 0-1

[Event "Lutsk Nebesna Sotnya Memorial blitz"]
[Site "Lutsk"]
[Date "2017.02.17"]
[Round "8"]
[White "Bernadskiy, Vitaliy"]
[Black "Rakhmangulov, Andrei"]
[Result "1-0"]
[WhiteElo "2518"]
[BlackElo "2308"]
[PlyCount "67"]
[EventDate "2017.02.17"]
[EventType "swiss (blitz)"]
[EventRounds "15"]
[EventCountry "UKR"]
[SourceTitle "CBM 176 Extra"]
[Source "ChessBase"]
[SourceDate "2017.03.02"]
[SourceVersion "1"]
[SourceVersionDate "2017.03.02"]
[SourceQuality "1"]

1. d4 Nf6 2. c4 c5 3. Nf3 cxd4 4. Nxd4 e5 5. Nb5 d5 6. cxd5 Bc5 7. e3 0-0 8. N5c3 Qe7 9. Be2 e4 10. a3 a6 11. Nd2 Rd8 12. b4 Bd6 13. Nc4 Bc7 14. Bb2 b5 15. d6 Bxd6 16. Nxd6 Rxd6 17. Qc2 Nc6 18. 0-0 Bb7 19. a4 Nxb4 20. Qb3 Nd3 21. axb5 Nxb2 22. Qxb2 axb5 23. Rxa8+ Bxa8 24. Nxb5 Rd8 25. Nd4 Bd5 26. Rc1 g6 27. h3 h5 28. Qb6 Rd6 29. Rc8+ Kg7 30. Qb8 h4 31. Bb5 Be6 32. Rc7 Bd7 33. Rb7 Qe8 34. Qxd6 1-0

[Event "Lutsk Nebesna Sotnya Memorial blitz"]
[Site "Lutsk"]
[Date "2017.02.17"]
[Round "7"]
[White "Rakhmangulov, Andrei"]
[Black "Bogdanovich, Stanislav"]
[Result "1-0"]
[WhiteElo "2308"]
[BlackElo "2602"]
[PlyCount "103"]
[EventDate "2017.02.17"]
[EventType "swiss (blitz)"]
[EventRounds "15"]
[EventCountry "UKR"]
[SourceTitle "CBM 176 Extra"]
[Source "ChessBase"]
[SourceDate "2017.03.02"]
[SourceVersion "1"]
[SourceVersionDate "2017.03.02"]
[SourceQuality "1"]

1. d4 Nf6 2. Nf3 g6 3. c3 Bg7 4. h3 0-0 5. Bf4 b6 6. e3 Bb7 7. Bc4 d6 8. 0-0 Nbd7 9. Nbd2 Qe8 10. Bh2 e5 11. a4 a6 12. a5 b5 13. Bb3 Qe7 14. Rc1 c5 15. dxe5 dxe5 16. Bc2 e4 17. Ne1 Ne5 18. Bxe5 Qxe5 19. Qe2 Rad8 20. f4 exf3 21. Nexf3 Qe7 22. e4 Nh5 23. Qe3 c4 24. e5 Rfe8 25. Rce1 Bd5 26. Rf2 h6 27. g4 Nf6 28. exf6 Qxe3 29. Rxe3 Rxe3 30. fxg7 Kxg7 31. Nd4 Re1+ 32. Nf1 Bb7 33. h4 b4 34. Ba4 bxc3 35. bxc3 Rc1 36. Bc6 Bxc6 37. Nxc6 Re8 38. Rf3 Re4 39. Kf2 Rc2+ 40. Kg3 h5 41. gxh5 gxh5 42. Nd4 Rc1 43. Kf2 Rxh4 44. Nf5+ Kg6 45. Nxh4+ Kg5 46. Ng2 Rc2+ 47. Kg3 f6 48. Nfe3 Rxc3 49. Rf5+ Kg6 50. Rc5 Ra3 51. Kf4 c3 52. Nh4+ 1-0

[Event "Lvov Bank op rapid"]
[Site "Lvov"]
[Date "2016.03.15"]
[Round "4"]
[White "Rakhmangulov, Andrei"]
[Black "Kovalev, Vladislav"]
[Result "1/2-1/2"]
[WhiteElo "2307"]
[BlackElo "2560"]
[PlyCount "115"]
[EventDate "2016.03.15"]
[EventType "swiss (rapid)"]
[EventRounds "11"]
[EventCountry "UKR"]
[SourceTitle "CBM 171 Extra"]
[Source "ChessBase"]
[SourceDate "2016.04.26"]
[SourceVersion "1"]
[SourceVersionDate "2016.04.26"]
[SourceQuality "1"]

1. d4 Nf6 2. Nf3 g6 3. c3 Bg7 4. h3 0-0 5. Bf4 d6 6. e3 b6 7. Bc4 Bb7 8. 0-0 Nbd7 9. Nbd2 Qe8 10. a4 a6 11. Bh2 e5 12. a5 b5 13. Be2 c5 14. Ne1 Qe7 15. Bf3 Bxf3 16. Nexf3 e4 17. Ne1 c4 18. Nc2 Nd5 19. f3 f5 20. fxe4 fxe4 21. Qg4 N7f6 22. Qg3 Rad8 23. Qe1 Bh6 24. Qe2 Rf7 25. g4 Rdf8 26. Bg3 Bg7 27. Qh2 Ne8 28. Rxf7 Rxf7 29. Qg2 Bh6 30. Re1 Nef6 31. Bh4 g5 32. Bg3 Bf8 33. Rf1 h6 34. Rf5 Qe6 35. Nf1 Ne7 36. Rf2 Ng6 37. Rf5 Ne7 38. Rf2 Ng6 39. Rf5 d5 40. Qh2 Ne8 41. Qf2 Ng7 42. Rxf7 Qxf7 43. Qxf7+ Kxf7 44. Bc7 Nh4 45. Kf2 Be7 46. Ng3 Ne6 47. Bb6 Bd6 48. Ne2 Ke8 49. Nc1 Nd8 50. Bxd8 Kxd8 51. Na2 Ng6 52. Nab4 Ne7 53. Nxa6 Nc6 54. Nab4 Nxb4 55. cxb4 Kc7 56. Ke2 Kc6 57. Kd2 Bg3 58. Kc3 1/2-1/2

[Event "Lvov Bank op blitz"]
[Site "Lvov"]
[Date "2016.03.14"]
[Round "11"]
[White "Kuzubov, Yuriy"]
[Black "Rakhmangulov, Andrei"]
[Result "1-0"]
[WhiteElo "2638"]
[BlackElo "2307"]
[PlyCount "75"]
[EventDate "2016.03.14"]
[EventType "swiss (blitz)"]
[EventRounds "13"]
[EventCountry "UKR"]
[SourceTitle "CBM 171 Extra"]
[Source "ChessBase"]
[SourceDate "2016.04.26"]
[SourceVersion "1"]
[SourceVersionDate "2016.04.26"]
[SourceQuality "1"]

1. d4 Nf6 2. Bg5 Ne4 3. Bf4 d5 4. f3 Nd6 5. Nc3 c6 6. e4 dxe4 7. fxe4 g6 8. Be5 f6 9. Bg3 Bh6 10. Nf3 Be6 11. Bd3 0-0 12. 0-0 Nd7 13. Qe2 Qb6 14. Rab1 Bg7 15. h3 a5 16. Kh1 a4 17. e5 Nf5 18. Bxf5 Bxf5 19. e6 Nb8 20. Nh4 Qa5 21. d5 a3 22. Rxf5 gxf5 23. Nxf5 Kh8 24. b4 Qa6 25. Qg4 Rg8 26. Nxe7 cxd5 27. Nxg8 Kxg8 28. Nxd5 Nc6 29. Nc7 Qa4 30. Nxa8 Qxc2 31. Re1 Ne7 32. Nb6 Qxa2 33. Qc4 Qb2 34. Nc8 Bf8 35. Nxe7+ Bxe7 36. Qc7 Qxb4 37. Qf4 a2 38. Qxb4 1-0

[Event "Lutsk Nebesna Sotnya Memorial blitz"]
[Site "Lutsk"]
[Date "2016.02.19"]
[Round "22"]
[White "Budnikov, Oleg"]
[Black "Rakhmangulov, Andrei"]
[Result "1/2-1/2"]
[WhiteElo "2374"]
[BlackElo "2318"]
[PlyCount "46"]
[EventDate "2016.02.19"]
[EventType "swiss (blitz)"]
[EventRounds "22"]
[EventCountry "UKR"]
[SourceTitle "CBM 170 Extra"]
[Source "ChessBase"]
[SourceDate "2016.02.25"]
[SourceVersion "1"]
[SourceVersionDate "2016.02.25"]
[SourceQuality "1"]

1. e4 d6 2. d4 Nf6 3. Nc3 g6 4. f4 Bg7 5. Nf3 0-0 6. Bd3 Nc6 7. e5 dxe5 8. dxe5 Nd5 9. 0-0 Nxc3 10. bxc3 Bf5 11. Qe2 Bxd3 12. cxd3 f6 13. Rb1 Rb8 14. d4 Qd5 15. Rb5 Qd7 16. Ba3 a6 17. Rbb1 b5 18. Bc5 Rfe8 19. c4 e6 20. cxb5 axb5 21. Rxb5 Nxe5 22. Rxb8 Nxf3+ 23. Qxf3 Rxb8 1/2-1/2

[Event "Lutsk Nebesna Sotnya Memorial blitz"]
[Site "Lutsk"]
[Date "2016.02.19"]
[Round "8"]
[White "Kuzubov, Yuriy"]
[Black "Rakhmangulov, Andrei"]
[Result "0-1"]
[WhiteElo "2635"]
[BlackElo "2318"]
[PlyCount "76"]
[EventDate "2016.02.19"]
[EventType "swiss (blitz)"]
[EventRounds "22"]
[EventCountry "UKR"]
[SourceTitle "CBM 170 Extra"]
[Source "ChessBase"]
[SourceDate "2016.02.25"]
[SourceVersion "1"]
[SourceVersionDate "2016.02.25"]
[SourceQuality "1"]

1. d4 Nf6 2. c4 c5 3. Nf3 cxd4 4. Nxd4 e5 5. Nb3 d5 6. cxd5 Qxd5 7. Nc3 Qxd1+ 8. Kxd1 Nc6 9. Bg5 Be6 10. e3 0-0-0+ 11. Ke1 Bb4 12. Rc1 Kb8 13. Be2 h6 14. Bxf6 gxf6 15. Bd1 f5 16. Nd2 e4 17. a3 Ne5 18. Be2 Bxc3 19. Rxc3 Rd6 20. f4 Rhd8 21. Rc2 Nd3+ 22. Bxd3 Rxd3 23. Ke2 Bd7 24. Nc4 Bb5 25. Rhc1 Bxc4 26. Rxc4 Rd2+ 27. Kf1 Rxb2 28. Rc5 a6 29. Rxf5 Rdd2 30. Rxf7 Rf2+ 31. Kg1 Rxg2+ 32. Kf1 Rxh2 33. Kg1 Rbg2+ 34. Kf1 Rg3 35. Rcc7 Rb2 36. Rce7 Rxe3 37. f5 Rf3+ 38. Kg1 Rc3 0-1

[Event "Lutsk Nebesna Sotnya Memorial blitz"]
[Site "Lutsk"]
[Date "2016.02.19"]
[Round "15"]
[White "Mirzoev, Emil"]
[Black "Rakhmangulov, Andrei"]
[Result "1/2-1/2"]
[WhiteElo "2424"]
[BlackElo "2318"]
[PlyCount "85"]
[EventDate "2016.02.19"]
[EventType "swiss (blitz)"]
[EventRounds "22"]
[EventCountry "UKR"]
[SourceTitle "CBM 170 Extra"]
[Source "ChessBase"]
[SourceDate "2016.02.25"]
[SourceVersion "1"]
[SourceVersionDate "2016.02.25"]
[SourceQuality "1"]

1. e4 d6 2. d4 Nf6 3. Bd3 e5 4. Ne2 Nc6 5. d5 Nb4 6. 0-0 Nxd3 7. Qxd3 Be7 8. c4 0-0 9. Nbc3 c6 10. f3 cxd5 11. cxd5 Nd7 12. Be3 b6 13. b4 a5 14. a3 Ba6 15. Qd2 Bc4 16. Rfc1 b5 17. Rab1 axb4 18. axb4 f5 19. exf5 Rxf5 20. Ng3 Rf8 21. Qf2 Ra3 22. Nge4 Qa8 23. Qd2 Nf6 24. Nxf6+ gxf6 25. f4 Qe8 26. Ra1 Qa8 27. Qb2 Rxa1 28. Rxa1 Qc8 29. Ra7 Rf7 30. Qd2 Qf5 31. h3 h5 32. Rb7 Bf8 33. Rb8 Kh7 34. Nxb5 Bxb5 35. Rxb5 Rg7 36. Rb8 Be7 37. Rb7 Qe4 38. b5 Bd8 39. Rxg7+ Kxg7 40. fxe5 fxe5 41. Bf2 h4 42. Qb2 Bb6 43. Qd2 1/2-1/2

[Event "Lutsk Nebesna Sotnya Memorial blitz"]
[Site "Lutsk"]
[Date "2016.02.19"]
[Round "16"]
[White "Rakhmangulov, Andrei"]
[Black "Mirzoev, Emil"]
[Result "1/2-1/2"]
[WhiteElo "2318"]
[BlackElo "2424"]
[PlyCount "77"]
[EventDate "2016.02.19"]
[EventType "swiss (blitz)"]
[EventRounds "22"]
[EventCountry "UKR"]
[SourceTitle "CBM 170 Extra"]
[Source "ChessBase"]
[SourceDate "2016.02.25"]
[SourceVersion "1"]
[SourceVersionDate "2016.02.25"]
[SourceQuality "1"]

1. d4 Nf6 2. Nf3 d6 3. h3 c5 4. dxc5 Qa5+ 5. Nc3 Qxc5 6. e4 e6 7. Be3 Qc7 8. Bd3 a6 9. 0-0 Be7 10. a4 b6 11. Nd2 Bb7 12. f4 Nbd7 13. f5 e5 14. g4 h6 15. Qf3 Nc5 16. Kg2 Rd8 17. Bxc5 Qxc5 18. Qe2 Qc8 19. Nc4 Qc7 20. Ne3 0-0 21. h4 d5 22. g5 dxe4 23. Bc4 Rd4 24. gxf6 Bxf6 25. Bb3 Bxh4 26. Ncd5 Qd8 27. f6 g6 28. Rad1 Kh7 29. c3 Rd3 30. Rxd3 exd3 31. Qxd3 Bg5 32. Ng4 Qd6 33. Qe4 Re8 34. c4 Bc8 35. Bc2 Bd7 36. b3 b5 37. axb5 axb5 38. Ne7 Rxe7 39. fxe7 1/2-1/2

[Event "Lutsk Nebesna Sotnya Memorial blitz"]
[Site "Lutsk"]
[Date "2016.02.19"]
[Round "14"]
[White "Reprintsev, Alexander"]
[Black "Rakhmangulov, Andrei"]
[Result "1-0"]
[WhiteElo "2321"]
[BlackElo "2318"]
[PlyCount "93"]
[EventDate "2016.02.19"]
[EventType "swiss (blitz)"]
[EventRounds "22"]
[EventCountry "UKR"]
[SourceTitle "CBM 170 Extra"]
[Source "ChessBase"]
[SourceDate "2016.02.25"]
[SourceVersion "1"]
[SourceVersionDate "2016.02.25"]
[SourceQuality "1"]

1. Nc3 Nf6 2. d4 c5 3. Nf3 cxd4 4. Nxd4 Nc6 5. g3 e6 6. Bg2 d5 7. 0-0 Bc5 8. Nb3 Bb6 9. Bg5 h6 10. Bxf6 Qxf6 11. e4 d4 12. Na4 Qd8 13. Nxb6 Qxb6 14. e5 Nxe5 15. Qxd4 Qxd4 16. Nxd4 a6 17. Rfe1 Nd7 18. Nf5 Nf6 19. Rad1 0-0 20. Nd6 Rb8 21. a4 b6 22. c4 Bd7 23. b3 Rfd8 24. Rd2 Kf8 25. f4 Ne8 26. Nb7 Rxb7 27. Bxb7 a5 28. Red1 Ke7 29. Bc6 Nf6 30. Bxd7 Rxd7 31. Rxd7+ Nxd7 32. b4 axb4 33. Rb1 Kd6 34. Rxb4 Kc6 35. Rb5 f5 36. a5 bxa5 37. Rxa5 g5 38. fxg5 hxg5 39. h4 gxh4 40. gxh4 Nf6 41. Ra6+ Kd7 42. c5 Nh5 43. Rd6+ Ke7 44. Rd2 Nf6 45. c6 Nd5 46. h5 Kd6 47. h6 1-0

[Event "Lutsk Nebesna Sotnya Memorial rap"]
[Site "Lutsk"]
[Date "2015.02.21"]
[Round "4"]
[White "Baryshpolets, Andrey"]
[Black "Rakhmangulov, Andrei"]
[Result "1-0"]
[WhiteElo "2544"]
[BlackElo "2331"]
[PlyCount "133"]
[EventDate "2015.02.21"]
[EventType "swiss (rapid)"]
[EventRounds "11"]
[EventCountry "UKR"]
[SourceTitle "CBM 164 Extra"]
[Source "ChessBase"]
[SourceDate "2015.03.02"]
[SourceVersion "1"]
[SourceVersionDate "2015.03.02"]
[SourceQuality "1"]

1. d4 Nf6 2. c4 c5 3. d5 b5 4. cxb5 a6 5. bxa6 g6 6. Nc3 Bg7 7. e4 Qa5 8. Bd2 d6 9. Bb5+ Nbd7 10. Nge2 Bxa6 11. a4 Bxb5 12. Nxb5 Qb6 13. Bc3 0-0 14. f3 Ne8 15. Bxg7 Kxg7 16. 0-0 Nc7 17. Nec3 Nxb5 18. Nxb5 Nf6 19. Kh1 Ne8 20. Qd2 Kg8 21. Qc3 Nf6 22. b4 Nd7 23. Rfb1 Rfb8 24. h3 cxb4 25. Qxb4 Nc5 26. Qd4 Nd7 27. Qxb6 Rxb6 28. a5 Rbb8 29. Nd4 Rxb1+ 30. Rxb1 Nc5 31. Nc6 Kg7 32. Rb8 Ra6 33. Rb6 Ra8 34. Nxe7 Rxa5 35. Rxd6 Nd3 36. Rb6 Ra1+ 37. Kh2 Ra2 38. d6 Ne5 39. Rb5 Nxf3+ 40. Kg3 Nd4 41. d7 Ne6 42. Nc6 Ra8 43. Re5 Nd8 44. Nxd8 Rxd8 45. Rd5 Kf6 46. Kf4 Ke6 47. Kg5 h5 48. h4 Ke7 49. Rd1 Ke6 50. g3 Ke7 51. Rd2 Ke6 52. Rd3 Ke7 53. Rd5 Ke6 54. Rd1 Ke7 55. Rd2 Ke6 56. Rd3 Ke7 57. Rd4 Ke6 58. Rd5 Ke7 59. Re5+ Kf8 60. Re8+ Rxe8 61. dxe8Q+ Kxe8 62. Kf6 Kf8 63. e5 Kg8 64. e6 fxe6 65. Kxg6 e5 66. Kxh5 Kf7 67. Kg4 1-0

[Event "Lutsk Nebesna Sotnya Memorial blitz"]
[Site "Lutsk"]
[Date "2015.02.20"]
[Round "12"]
[White "Meribanov, Vitaly"]
[Black "Rakhmangulov, Andrei"]
[Result "1/2-1/2"]
[WhiteElo "2390"]
[BlackElo "2331"]
[PlyCount "68"]
[EventDate "2015.02.20"]
[EventType "swiss (blitz)"]
[EventRounds "22"]
[EventCountry "UKR"]
[SourceTitle "CBM 165 Extra"]
[Source "ChessBase"]
[SourceDate "2015.04.21"]
[SourceVersion "1"]
[SourceVersionDate "2015.04.21"]
[SourceQuality "1"]

1. e4 d6 2. d4 Nf6 3. Nc3 e5 4. Nf3 Nbd7 5. Bc4 Be7 6. 0-0 0-0 7. Re1 c6 8. a4 a5 9. Ba2 Qc7 10. h3 h6 11. Be3 Re8 12. Qe2 Nf8 13. Rad1 Ng6 14. Qd2 Bf8 15. d5 c5 16. Bc4 Nh5 17. Bb5 Rd8 18. Ne2 Qe7 19. g4 Nf6 20. Ng3 Nh7 21. Nf5 Bxf5 22. gxf5 Nh4 23. Qe2 Nxf3+ 24. Qxf3 Qh4 25. Kh2 Be7 26. Rg1 Ng5 27. Bxg5 hxg5 28. Rg4 Qh6 29. Kg2 Bf6 30. Kf1 Kf8 31. Ke2 Ke7 32. Kd2 Rh8 33. Bf1 Kd7 34. c4 Ra6 1/2-1/2

[Event "Lutsk Nebesna Sotnya Memorial blitz"]
[Site "Lutsk"]
[Date "2015.02.20"]
[Round "13"]
[White "Mikhaletz, Lubomir"]
[Black "Rakhmangulov, Andrei"]
[Result "1-0"]
[WhiteElo "2395"]
[BlackElo "2331"]
[PlyCount "137"]
[EventDate "2015.02.20"]
[EventType "swiss (blitz)"]
[EventRounds "22"]
[EventCountry "UKR"]
[SourceTitle "CBM 165 Extra"]
[Source "ChessBase"]
[SourceDate "2015.04.21"]
[SourceVersion "1"]
[SourceVersionDate "2015.04.21"]
[SourceQuality "1"]

1. Nc3 Nf6 2. Nf3 d5 3. d3 Nc6 4. Bg5 d4 5. Nb1 e5 6. c3 Be7 7. g3 h6 8. Bxf6 Bxf6 9. Bg2 0-0 10. 0-0 a5 11. Nfd2 a4 12. Bxc6 bxc6 13. cxd4 exd4 14. Qc2 Re8 15. Ne4 Qd5 16. Rc1 Bd7 17. Na3 Be7 18. Nc4 f5 19. Ned2 Bg5 20. f4 Bf6 21. Nf3 c5 22. Nce5 Ra5 23. Qc4 Qxc4 24. Nxc4 Rb5 25. Kf2 Be6 26. Rc2 Reb8 27. Nfd2 g5 28. fxg5 hxg5 29. h3 Bd5 30. Rac1 Kg7 31. b3 axb3 32. Nxb3 Ra8 33. Ncd2 Bxb3 34. axb3 Be7 35. g4 fxg4 36. hxg4 Rf8+ 37. Kg2 Ra8 38. Ne4 Rxb3 39. Nxc5 Bxc5 40. Rxc5 Rb2 41. Rxc7+ Kg8 42. Rc8+ Rxc8 43. Rxc8+ Kf7 44. Kf3 Rb5 45. Rd8 Rb4 46. Rd5 Kg6 47. Ke4 Rb2 48. Kf3 Rb4 49. Re5 Ra4 50. Re4 Kf6 51. e3 Ra1 52. Rxd4 Rf1+ 53. Ke2 Rg1 54. Re4 Rg2+ 55. Kf3 Rd2 56. d4 Rc2 57. Re5 Rd2 58. Ra5 Rd1 59. Ra6+ Kg7 60. Ke4 Rf1 61. d5 Kf7 62. Ke5 Rf3 63. e4 Rf4 64. Ra7+ Kf8 65. d6 Ke8 66. Kd5 Rxg4 67. e5 Rg1 68. Ke6 Kf8 69. Ra8+ 1-0

[Event "Lutsk Nebesna Sotnya Memorial blitz"]
[Site "Lutsk"]
[Date "2015.02.20"]
[Round "20"]
[White "Reshetkov, Kirill"]
[Black "Rakhmangulov, Andrei"]
[Result "1-0"]
[WhiteElo "2197"]
[BlackElo "2331"]
[PlyCount "85"]
[EventDate "2015.02.20"]
[EventType "swiss (blitz)"]
[EventRounds "22"]
[EventCountry "UKR"]
[SourceTitle "CBM 165 Extra"]
[Source "ChessBase"]
[SourceDate "2015.04.21"]
[SourceVersion "1"]
[SourceVersionDate "2015.04.21"]
[SourceQuality "1"]

1. c4 e5 2. Nc3 Nf6 3. Nf3 Nc6 4. g3 d5 5. cxd5 Nxd5 6. Bg2 Nb6 7. 0-0 Be7 8. d3 0-0 9. a3 Be6 10. Be3 f5 11. Rc1 Bf6 12. b4 Nd4 13. Bxd4 exd4 14. Na4 Nxa4 15. Qxa4 c6 16. Nd2 Bd5 17. Bxd5+ Qxd5 18. Qb3 Rad8 19. Rc5 Qxb3 20. Nxb3 Rfe8 21. Re1 g6 22. Kf1 Re7 23. Rc2 Kf7 24. a4 a6 25. Rb1 Rd5 26. Rc5 Red7 27. Na5 R5d6 28. Nc4 Re6 29. Nb6 Rde7 30. Rc2 Re8 31. Nc4 g5 32. b5 axb5 33. axb5 R8e7 34. bxc6 Rxc6 35. Rcb2 Rce6 36. Ra2 h5 37. Rb5 Kg6 38. Rab2 h4 39. Rxb7 Rxe2 40. Rxe7 Rxe7 41. gxh4 g4 42. Rb6 Rf7 43. Ne5+ 1-0

[Event "Kirov Shakhov Memorial-A 2nd"]
[Site "Kirov"]
[Date "2015.01.01"]
[Round "8"]
[White "Rakhmangulov, Andrei"]
[Black "Efremova, Yulia"]
[Result "1-0"]
[WhiteElo "2350"]
[BlackElo "2116"]
[PlyCount "51"]
[EventDate "2014.12.27"]
[EventType "tourn"]
[EventRounds "9"]
[EventCountry "RUS"]
[SourceTitle "CBM 164 Extra"]
[Source "ChessBase"]
[SourceDate "2015.03.02"]
[SourceVersion "1"]
[SourceVersionDate "2015.03.02"]
[SourceQuality "1"]

1. d4 d5 2. c4 c6 3. Nc3 Nf6 4. Nf3 a6 5. Bg5 Ne4 6. Bf4 Bf5 7. Qb3 b5 8. cxb5 Nxc3 9. bxc3 cxb5 10. e3 e6 11. Be2 Qa5 12. a4 b4 13. 0-0 Nd7 14. Nh4 g5 15. Bxg5 h6 16. Bf4 Bh7 17. Rfc1 e5 18. cxb4 Bxb4 19. dxe5 Be7 20. Nf3 Be4 21. Qb7 Rb8 22. Rc8+ Rxc8 23. Qxc8+ Bd8 24. Qxa6 Qc3 25. Rf1 Rg8 26. e6 1-0

[Event "Moscow Kolomenskaya op"]
[Site "Moscow"]
[Date "2014.10.10"]
[Round "9"]
[White "Rakhmangulov, Andrei"]
[Black "Konaplev, Anton"]
[Result "0-1"]
[WhiteElo "2346"]
[BlackElo "2077"]
[PlyCount "53"]
[EventDate "2014.10.05"]
[EventType "swiss"]
[EventRounds "9"]
[EventCountry "RUS"]
[SourceTitle "CBM 162 Extra"]
[Source "ChessBase"]
[SourceDate "2014.10.17"]
[SourceVersion "1"]
[SourceVersionDate "2014.10.17"]
[SourceQuality "1"]

1. d4 d5 2. Bg5 h6 3. Bh4 c6 4. e3 Qb6 5. b3 e5 6. Nf3 e4 7. Nfd2 Ne7 8. f3 Nf5 9. Bf2 exf3 10. Qxf3 Be6 11. Bd3 Nd6 12. e4 dxe4 13. Nxe4 Qa5+ 14. c3 Nxe4 15. Bxe4 Bxb3 16. axb3 Qxa1 17. 0-0 Be7 18. d5 Qa6 19. Bd4 f6 20. Qg4 Nd7 21. dxc6 bxc6 22. Qxg7 Rf8 23. Re1 Ne5 24. Bxe5 fxe5 25. Bg6+ Kd7 26. Rd1+ Ke6 27. Qxh6 0-1